000 00276nam a22001337a 4500
008 171107b xxu||||| |||| 00| 0 eng d
020 _a 2900073526705
041 _aeng
080 _a330.722.6
100 _a62
101 _aKONJ
245 _aGARRISON.N
942 _2udc
_cBK
999 _c38002
_d38002